Misión Santiago: el mundo académico jesuita y los inicios de la cooperación internacional católica
Saved in:
| Main Author: | |
|---|---|
| Format: | Book |
| Language: | Spanish |
| Published: |
Santiago
LOM
2011
|
| Edition: | 1a. ed |
| Series: | Educación. Ciencias Humanas
|
| Subjects: | |
| Tags: |
Add Tag
No Tags, Be the first to tag this record!
|
MARC
| LEADER | 00000cam a2200000 a 4500 | ||
|---|---|---|---|
| 001 | UCF1875 | ||
| 003 | CL-VaPUC | ||
| 008 | 120727e20110000CL |||||||||||||||||spa|d | ||
| 020 | |a 9789560002853 | ||
| 082 | 0 | 4 | |a 255.53 |b BEI |2 21 |
| 100 | 0 | |a Beigel, Fernanda |e author |9 563402 | |
| 245 | 1 | 0 | |a Misión Santiago: el mundo académico jesuita y los inicios de la cooperación internacional católica |
| 250 | |a 1a. ed | ||
| 300 | |a 260 p | ||
| 942 | |c BK | ||
| 945 | |d 20120727 00:00:00 |a dcastane | ||
| 260 | |a Santiago |b LOM |c 2011 | ||
| 650 | 0 | |a Jesuitas |9 268366 | |
| 650 | 0 | |a Educación religiosa |9 308312 | |
| 583 | |a last modification |c 20120727 13:37:00 |k Rodrigo Vera | ||
| 490 | 0 | |a Educación. Ciencias Humanas | |
| 999 | |c 348563 |d 348561 | ||
| 952 | |0 0 |1 0 |4 0 |6 255_530000000000000_BEI_2011 |7 0 |8 A |9 450629 |a BIBING |b BIBING |d 2019-11-22 |i 487112K |o 255.53 BEI 2011 |p 487112K |r 2025-01-20 |w 2019-11-22 |y BK |k CUI | ||